000 01009nam a2200289 i 4500
003 DO-SdBNP
005 20240517101848.0
007 ta
008 091002s2002 dr r 000 p spa d
020 _z999344010
040 _aDO-SdBNP
_bspa
_cBNPHU
_erda
041 1 7 _heng
082 4 _222
100 1 _aChapman, Francisco,
_924882
_eautor
245 1 0 _aRace, identify and Myth in the spanish speaking caribbean :
_besays on biculturalism as a contested terrain of difference /
_cFrancisco Chapman ; edición, Laura Acosta ; cuidado de edición, Tomás Castro Burdiez
264 _aSanto Domingo :
_bChapman &, Associates,
_c2002.
300 _a204 páginas ;
_c22 cm.
336 _2rdacontent
_atexto
_btxt
337 _2rdamedia
_asin mediación
_bn
338 _2rdacarrier
_avolumen
_bnc
590 _aInventariado, 2024/BT
650 _966
700 1 _aAcosta, Laura,
_eedición
_985495
700 1 _aCastro Burdiez, Tomás,
_ecuidado de edición
_985152
910 _aBtavárez
942 _2ddc
_cLBS1
999 _c56686
_d56686